Stíny Šanghaje fox /

Hlavní autor: Dominik, M. V.
Další autoři: Adamec, František
Jazyk: Čeština
Vydáno: Praha : Vodička, 1941
Fyzický popis: 1 sv. (nestránkován)
Hudebniny Hudebniny
Uloženo v:
LEADER 00903ncm a22002532a 4500
001 000302425
003 CZ BrMZK
005 20150527124305.0
007 qu
008 980105s1941 xr f cze d
040 |a BOA001  |b cze 
072 7 |a 784  |x Vokální hudba  |2 Konspekt  |9 9 
100 1 |a Dominik, M. V.  |7 jx20090806005  |4 cmp 
245 1 0 |a Stíny Šanghaje  |h [hudebnina] :  |b fox /  |c Michael V. Dominik ; slova František Adamec 
260 |a Praha :  |b Vodička,  |c 1941 
300 |a 1 sv. (nestránkován) 
500 |a Zpěv a klavír 
700 1 |a Adamec, František  |7 jk01010041  |4 lyr 
910 |a BOA001  |b Mus1-0588.026  |b Mus1-0588.750 
920 |a 000220423 
990 |a MU 
991 |b 201003 
996 7 |b 2619868675  |c Mus1-0588.026  |l MZK  |r Sklad / do 1 hodiny  |n 0  |w 000302425  |u 000010  |a 1  |e BOA001  |j MZK50  |s A 
996 7 |b 2619919965  |c Mus1-0588.750  |l MZK  |r Sklad / do 1 hodiny  |n 0  |w 000302425  |u 000020  |a 1  |e BOA001  |j MZK50  |s A